Analýza služieb a funkcií internetového vyhľadávača Google diplomová práca

Salvato in:
Dettagli Bibliografici
Autore principale: Strešňák, Ján
Ente Autore: Fakulta hospodárskej informatiky EU. Katedra aplikovanej informatiky
Altri autori: Brixová, Janette
Natura: Libro
Lingua:slovacco
Pubblicazione: Bratislava 2011
Tags: Aggiungi Tag
Nessun Tag, puoi essere il primo ad aggiungerne!!

MARC

LEADER 00000nbm a2200000 4500
001 0140939
005 20161109102001.2
041 0 |a slo 
044 |a SK 
245 1 0 |a Analýza služieb a funkcií internetového vyhľadávača Google  |b diplomová práca  |c Ján Strešňák ; školiteľ: Janette Brixová 
264 1 |a Bratislava  |c 2011 
300 |a 65 s. 
100 1 |a Strešňák, Ján 
700 1 |a Brixová, Janette 
710 2 |a Fakulta hospodárskej informatiky EU. Katedra aplikovanej informatiky